| 000 | 00892nam a2200229Ia 4500 | ||
|---|---|---|---|
| 003 | OSt | ||
| 005 | 20250722112255.0 | ||
| 008 | 220922b |||||||| |||| 00| 0 hin d | ||
| 020 | _a9788193295694 (hbk) | ||
| 037 | _cTB | ||
| 040 |
_aARTS _cARTS _bhin |
||
| 041 |
_2hin _ahin |
||
| 084 |
_aP152v, 152Q8 _qTB |
||
| 100 |
_aभाटिया, कैलाशचन्द्र, ले. _9160424 |
||
| 245 | 0 |
_aहिन्दी भाषा _b विकास और स्वरूप |
|
| 246 | _aHindī bhāṣhā: vikās aur svarūpa | ||
| 260 |
_aनई दिल्ली _b ग्रंथ अकादमी _c2018 |
||
| 300 |
_a239पृ. _ccm. |
||
| 650 | _aहिन्दी भाषा | ||
| 942 |
_hP152v, 152Q8 _cTB _2CC _n0 |
||
| 999 |
_c299269 _d299269 |
||